[Event "AUTO-MASTER-2948"]
[Site "http://www.queenalice.com/game.php?id=1608436"]
[Date "2020.4.20"]
[Round "1"]
[White "sabat"]
[Black "beteljeuxe"]
[Result "1/2-1/2"]
[WhiteElo "2330"]
[BlackElo "2241"]

1. d4 d5 2. Nf3 Nf6 3. c4 e6 4. Nc3 c5 5. cxd5 Nxd5 6. e4 Nxc3 7. bxc3 Be7 8.
Bb5+ Nd7 9. O-O O-O 10. Qe2 a6 11. Bd3 b5 12. a4 b4 13. cxb4 cxd4 14. Nxd4 Ne5
15. Be3 Bxb4 16. Bc2 Qh4 17. h3 a5 18. f4 Ba6 19. Nb5 Ng6 20. f5 Ne5 21. fxe6
fxe6 22. Rad1 Kh8 23. Bd4 Qg3 24. Bb3 1/2-1/2

[Event "AUTO-MASTER-2948"]
[Site "http://www.queenalice.com/game.php?id=1608451"]
[Date "2020.4.20"]
[Round "1"]
[White "SubRoger"]
[Black "sabat"]
[Result "0-1"]
[WhiteElo "2116"]
[BlackElo "2297"]

1. d4 Nf6 2. c4 g6 3. Nf3 Bg7 4. Nc3 O-O 5. e4 d6 6. Be2 e5 7. d5 Nbd7 8. O-O a5
9. h3 Nc5 10. Bg5 h6 11. Bxf6 Qxf6 12. Nh2 Qf4 13. Qc2 f5 14. g3 Qg5 15. h4 Qe7
16. Rae1 f4 17. Bg4 Bxg4 18. Nxg4 Qd7 19. Nh2 Qh3 20. Kh1 fxg3 21. fxg3 Qxg3 22.
Rg1 Qxh4 23. Re2 g5 0-1

[Event "AUTO-MASTER-2948"]
[Site "http://www.queenalice.com/game.php?id=1608452"]
[Date "2020.4.20"]
[Round "1"]
[White "sabat"]
[Black "SubRoger"]
[Result "1-0"]
[WhiteElo "2291"]
[BlackElo "2104"]

1. d4 d5 2. c4 c6 3. Nc3 Nf6 4. Nf3 g6 5. cxd5 cxd5 6. Bf4 Bg7 7. h3 O-O 8. e3
a6 9. Be2 Nc6 10. O-O e6 11. Rc1 Re8 12. Na4 Ne4 13. a3 Bf8 14. b4 Bd6 15. Ne5
Nxe5 16. dxe5 Be7 17. f3 Ng5 18. h4 Nh3+ 19. gxh3 Bxh4 20. Qd4 Bd7 21. Nb6 Rb8
22. Rc2 1-0

[Event "AUTO-MASTER-2948"]
[Site "http://www.queenalice.com/game.php?id=1608463"]
[Date "2020.4.20"]
[Round "1"]
[White "sabat"]
[Black "CCapivara"]
[Result "1-0"]
[WhiteElo "2284"]
[BlackElo "2106"]

1. d4 d6 2. c4 Nf6 3. Nc3 c6 4. e4 Qa5 5. Bd3 e5 6. Ne2 Bg4 7. f3 Bh5 8. O-O
Nbd7 9. a3 Be7 10. b4 Qc7 11. Be3 O-O 12. Qd2 Rad8 13. g4 Bg6 14. h4 h5 15. g5
Nh7 16. f4 exf4 17. Nxf4 a6 18. Nfd5 cxd5 19. Nxd5 Qb8 20. Nxe7+ Kh8 21. Bf4 Qa7
22. Qe3 1-0

[Event "AUTO-MASTER-2948"]
[Site "http://www.queenalice.com/game.php?id=1608464"]
[Date "2020.4.20"]
[Round "1"]
[White "CCapivara"]
[Black "sabat"]
[Result "0-1"]
[WhiteElo "2127"]
[BlackElo "2281"]

1. e4 c6 2. d4 d5 3. exd5 cxd5 4. Nf3 Bg4 5. Bd3 Nc6 6. c3 e6 7. O-O Nf6 8. Bg5
Bd6 9. Nbd2 Bh5 10. Re1 O-O 11. Qa4 a6 12. Qxc6 bxc6 0-1

[Event "AUTO-ELITE-2230"]
[Site "http://www.queenalice.com/game.php?id=1610967"]
[Date "2020.5.5"]
[Round "1"]
[White "BEBADO"]
[Black "sabat"]
[Result "0-1"]
[WhiteElo "2228"]
[BlackElo "2353"]

1. e4 c6 2. d4 d5 3. e5 Bf5 4. Nf3 e6 5. Be2 Nd7 6. O-O Ne7 7. Nh4 c5 8. c3 Be4
9. Nd2 Nc6 10. Nxe4 dxe4 11. g3 Be7 12. Ng2 Qb6 13. Be3 Qxb2 14. Rb1 Qxc3 15.
Rxb7 cxd4 16. Bd2 Qa3 17. Bb5 Ndxe5 18. Bf4 Kf8 19. Bxc6 Nxc6 20. Qc2 Qa6 21.
Rc7 Nb4 22. Qxe4 Nd5 23. Rc2 f5 24. Qxd4 Kf7 25. Rfc1 Rhd8 26. Rc6 Nb4 0-1

[Event "AUTO-ELITE-2230"]
[Site "http://www.queenalice.com/game.php?id=1610968"]
[Date "2020.5.5"]
[Round "1"]
[White "sabat"]
[Black "BEBADO"]
[Result "1-0"]
[WhiteElo "2359"]
[BlackElo "2218"]

1. d4 Nf6 2. c4 e6 3. Nf3 b6 4. g3 Ba6 5. b3 Bb7 6. Bg2 Bb4+ 7. Bd2 a5 8. O-O
O-O 9. a3 Be7 10. Nc3 d5 11. Ne5 c5 12. dxc5 bxc5 13. Rc1 Nbd7 14. Nxd7 Qxd7 15.
cxd5 exd5 16. Na4 Qb5 17. Bg5 Rac8 18. Nc3 Qa6 19. Bxf6 Bxf6 20. Nxd5 Bxd5 21.
Bxd5 Bb2 22. Rc4 Bxa3 23. Qa1 Bb4 24. Rg4 g6 25. Bc4 Qb6 26. Rd1 Rcd8 27. h4
Rxd1+ 28. Qxd1 Bc3 29. Qd5 Kg7 30. h5 Qc7 31. h6+ Kxh6 32. Qg5+ Kg7 33. Rh4 1-0

[Event "AUTO-ELITE-2230"]
[Site "http://www.queenalice.com/game.php?id=1610975"]
[Date "2020.5.5"]
[Round "1"]
[White "sabat"]
[Black "popcorn"]
[Result "1-0"]
[WhiteElo "2332"]
[BlackElo "2248"]

1. d4 Nf6 2. Nf3 d5 3. c4 c6 4. Nc3 Bf5 5. cxd5 Nxd5 6. e3 e6 7. Bd3 Bg4 8. O-O
Bd6 9. e4 Nf4 10. Bc2 Bc7 11. h3 Bxf3 12. Qxf3 Ng6 13. Be3 O-O 14. Rad1 Nd7 15.
e5 Nb6 16. Ne4 Nd5 17. Bc1 b6 18. g3 c5 19. Qh5 Nde7 20. dxc5 Qb8 21. Nf6+ gxf6
22. exf6 1-0

[Event "AUTO-ELITE-2230"]
[Site "http://www.queenalice.com/game.php?id=1610976"]
[Date "2020.5.5"]
[Round "1"]
[White "popcorn"]
[Black "sabat"]
[Result "0-1"]
[WhiteElo "2258"]
[BlackElo "2322"]

1. d4 Nf6 2. c4 g6 3. Nc3 Bg7 4. e4 d6 5. f3 O-O 6. Be3 e5 7. d5 c6 8. Nge2 cxd5
9. cxd5 Bd7 10. Qd2 Na6 11. g4 h5 12. h3 b5 13. Bg5 Qa5 14. Ng3 Nh7 15. Be7 Rfe8
16. Bh4 Nc5 17. Rd1 b4 18. Nb1 hxg4 19. hxg4 Qxa2 20. Qh2 Ba4 21. Be7 Rxe7 22.
Qxh7+ Kf8 23. Nf5 gxf5 24. gxf5 Bxd1 25. f6 Bxf6 26. Rg1 Rc7 27. Rg8+ Ke7 28.
Rxa8 Qxb1 29. Qg8 Bh4+ 0-1

[Event "AUTO-ELITE-2232"]
[Site "http://www.queenalice.com/game.php?id=1611545"]
[Date "2020.5.10"]
[Round "1"]
[White "josebaron"]
[Black "sabat"]
[Result "0-1"]
[WhiteElo "2350"]
[BlackElo "2304"]

1. e4 c6 2. d4 d5 3. exd5 cxd5 4. Nf3 Nc6 5. h3 Bf5 6. c4 Nf6 7. c5 e6 8. Bd3
Bxd3 9. Qxd3 Nd7 10. O-O b6 11. cxb6 Qxb6 12. Nc3 Bd6 13. Nb5 Be7 14. Bf4 O-O
15. Rfe1 a6 16. Nc3 Qxb2 17. Reb1 Qa3 18. Rb3 Qa5 19. Rab1 Qd8 20. Rb7 Nf6 21.
Bc7 Qc8 22. Bh2 Ne8 23. Ne5 Bd6 24. Nxc6 Bxh2+ 25. Kxh2 Qxc6 26. R1b6 Qc8 27. a4
Nd6 28. Rxd6 Qxb7 29. Ne2 Qc7 30. Qg3 Rad8 31. Rxd8 Qxg3+ 32. Kxg3 Rxd8 33. f4
Rc8 0-1

[Event "AUTO-ELITE-2232"]
[Site "http://www.queenalice.com/game.php?id=1611546"]
[Date "2020.5.10"]
[Round "1"]
[White "sabat"]
[Black "josebaron"]
[Result "1-0"]
[WhiteElo "2317"]
[BlackElo "2337"]

1. d4 d6 2. c4 Nf6 3. Nc3 e6 4. e4 Be7 5. Nf3 h6 6. Bd3 Nbd7 7. O-O O-O 8. e5
dxe5 9. dxe5 Ng4 10. Bf4 Nc5 11. Bc2 Qxd1 12. Raxd1 h5 13. a3 a5 14. Nb5 c6 15.
Nd6 Rd8 16. h3 Nh6 17. Be3 Nd7 18. c5 Nf5 19. Bxf5 exf5 20. Nxf5 Re8 21. Nd6
Bxd6 22. exd6 Nf8 23. Rfe1 Bd7 24. Rd4 Bf5 25. Rc1 f6 26. Bd2 a4 27. Rb4 Ra7 28.
Rcc4 Nd7 29. Be3 Rea8 30. Rh4 Bg6 31. Nd2 Ra5 32. Rxb7 Nxc5 33. Rc7 Ne6 34. Re7
Nf8 35. Nc4 R5a6 36. Bb6 Bf7 37. Bc7 Ng6 38. Nb6 Rf8 39. Rxf7 Kxf7 40. Re4 f5
41. Re3 Ra7 42. h4 Rg8 43. g3 Rh8 44. f4 Rg8 45. Kf2 1-0

[Event "AUTO-ELITE-2241"]
[Site "http://www.queenalice.com/game.php?id=1616439"]
[Date "2020.6.13"]
[Round "1"]
[White "beteljeuxe"]
[Black "sabat"]
[Result "1/2-1/2"]
[WhiteElo "2466"]
[BlackElo "2367"]

1. d4 Nf6 2. c4 g6 3. Nc3 Bg7 4. e4 d6 5. Nf3 O-O 6. Be2 e5 7. O-O Nc6 8. d5 Ne7
9. b4 Ne8 10. a4 a5 11. bxa5 Rxa5 12. Bd2 h6 13. Qc2 f5 14. exf5 gxf5 15. g3 Ng6
16. Ne1 Nf6 17. Ng2 Ra8 18. a5 Nd7 19. Rfb1 e4 20. Ra3 Qe7 21. Nb5 Nc5 22. Be3
Nd3 23. Bxd3 exd3 24. Qxd3 f4 25. gxf4 Bf5 26. Qf1 Nh4 27. Nxh4 Qxh4 28. Bd2
Bxb1 29. Qxb1 Rf7 30. Rg3 Kh8 31. Qd3 Raf8 32. Nd4 Rxf4 33. Bxf4 Qxf4 34. Nf3
Qf5 35. Qe2 Qf4 36. Kg2 Qf6 37. h3 Rf7 38. Rg4 Re7 39. Qd2 Rf7 1/2-1/2

[Event "AUTO-ELITE-2241"]
[Site "http://www.queenalice.com/game.php?id=1616440"]
[Date "2020.6.13"]
[Round "1"]
[White "sabat"]
[Black "beteljeuxe"]
[Result "1/2-1/2"]
[WhiteElo "2361"]
[BlackElo "2434"]

1. d4 Nf6 2. c4 e6 3. Nc3 Bb4 4. e3 O-O 5. Bd3 d5 6. Nf3 c5 7. O-O Nc6 8. a3
Bxc3 9. bxc3 dxc4 10. Bxc4 Qc7 11. Bd3 e5 12. Qc2 Re8 13. Ng5 h6 14. Ne4 Nxe4
15. Bxe4 exd4 16. cxd4 cxd4 17. Bb2 dxe3 18. Rae1 f5 19. Bd5+ Be6 20. Bxe6+ Rxe6
21. fxe3 Rf8 22. Rxf5 Rxf5 23. Qxf5 Qf7 24. Qg4 1/2-1/2

[Event "AUTO-ELITE-2241"]
[Site "http://www.queenalice.com/game.php?id=1616447"]
[Date "2020.6.13"]
[Round "1"]
[White "sabat"]
[Black "BEBADO"]
[Result "1/2-1/2"]
[WhiteElo "2363"]
[BlackElo "2236"]

1. d4 Nf6 2. c4 e6 3. Nc3 Bb4 4. e3 O-O 5. Bd3 d5 6. Nf3 c5 7. O-O Nc6 8. dxc5
dxc4 9. Bxc4 Bxc5 10. Qe2 Qe7 11. e4 e5 12. Bg5 Be6 13. Nd5 Bxd5 14. Bxd5 Nd4
15. Nxd4 1/2-1/2

[Event "AUTO-ELITE-2241"]
[Site "http://www.queenalice.com/game.php?id=1616448"]
[Date "2020.6.13"]
[Round "1"]
[White "BEBADO"]
[Black "sabat"]
[Result "1/2-1/2"]
[WhiteElo "2255"]
[BlackElo "2416"]

1. e4 c6 2. d4 d5 3. e5 Bf5 4. Nf3 e6 5. Be2 Nd7 6. O-O Ne7 7. Nbd2 c5 8. c4
cxd4 9. Nxd4 Nxe5 10. cxd5 Qxd5 11. Nxf5 Nxf5 12. Qa4+ Nc6 13. Bf3 Qd7 14. Nb3
Rd8 15. Bxc6 Qxc6 16. Qxa7 Bd6 17. Bg5 f6 18. Rac1 Bb8 19. Qa3 Qd6 20. Qxd6 Bxd6
21. Bd2 Kf7 22. Bc3 Ne7 1/2-1/2

[Event "AUTO-ELITE-2230"]
[Site "http://www.queenalice.com/game.php?id=1619115"]
[Date "2020.7.3"]
[Round "2"]
[White "sabat"]
[Black "ArmandoFerreira"]
[Result "1-0"]
[WhiteElo "2385"]
[BlackElo "2652"]

1. d4 Nf6 2. Nf3 e6 3. Bg5 Be7 4. e3 O-O 5. Bd3 b6 6. O-O d5 7. c4 dxc4 8. Bxc4
c5 9. Qe2 cxd4 10. Nxd4 Bb7 11. Nc3 h6 12. Bh4 Ne4 13. Bxe7 Qxe7 14. Nxe4 Bxe4
15. Rfd1 Nd7 16. Rac1 1-0

[Event "AUTO-ELITE-2230"]
[Site "http://www.queenalice.com/game.php?id=1619116"]
[Date "2020.7.3"]
[Round "2"]
[White "ArmandoFerreira"]
[Black "sabat"]
[Result "0-1"]
[WhiteElo "2639"]
[BlackElo "2403"]

1. e4 c5 2. Nf3 d6 3. Bb5+ Nc6 4. O-O Bd7 5. c3 Nf6 6. Re1 e6 7. d4 Be7 8. dxc5
dxc5 9. Bf4 O-O 10. Bf1 Nh5 11. Bc1 Qc7 12. e5 f5 13. exf6 Nxf6 14. Bg5 Bd6 15.
Bxf6 Rxf6 0-1